000
00258 a2200121 4500
001
48712
040
_c
Anchieta - Bela Vista
240
1
0
_a
MamÃferos
_l
por
245
1
0
_a
MamÃferos
440
1
_a
Ciranda Cultural
650
4
_a
Literatura infantil
942
_c
BK
999
_c
48712
_d
48712